Missing Word: H.G. Wells Books Quiz Stats

 Plays Quiz Updated Aug 9, 2017

Support Sporcle.
Go Orange.
Score 0/16 Timer 03:00
0 Plays Today
ʙᴏᴏᴋ ᴛɪᴛʟᴇ ᴍɪssɪɴɢ ᴡᴏʀᴅ % Correct
The Invisible ___Man
96.3%
The ____ MachineTime
93.6%
The ___ of the WorldsWar
93.4%
The ______ of Doctor MoreauIsland
83.4%
The Shape of ______ to ComeThings
82.7%
When the Sleeper _____Wakes
61.6%
The _____ Men in the MoonFirst
32.6%
The ___ MachiavelliNew
16.8%
ʙᴏᴏᴋ ᴛɪᴛʟᴇ ᴍɪssɪɴɢ ᴡᴏʀᴅ % Correct
The _______ of Mr PollyHistory
12.6%
In the ____ of the CometDays
12.1%
____ and Mr LewishamLove
10.8%
Men Like ____Gods
8.6%
The Croquet ______Player
8.6%
A Modern ______Utopia
7.1%
____ BegottenStar
6.5%
The Wonderful _____Visit
6.2%

Today's Daily Dose

You're not logged in!

Compare scores with friends on all Sporcle quizzes.
OR
Log In
Forgot?
Remove Ads.
Support Sporcle.
Get the best of Sporcle when you Go Orange. This ad-free experience offers more features, more stats, and more fun while also helping to support Sporcle. Thank you for becoming a member.

Show Comments

Extras

Top Quizzes Today


Score Distribution

Your Account Isn't Verified!

In order to create a playlist on Sporcle, you need to verify the email address you used during registration. Go to your Sporcle Settings to finish the process.

Report this User

Report this user for behavior that violates our Community Guidelines.

Details: